<?xml version="1.0" encoding="UTF-8"?>
<record
    xmlns:xsi="http://www.w3.org/2001/XMLSchema-instance"
    xsi:schemaLocation="http://www.loc.gov/MARC21/slim http://www.loc.gov/standards/marcxml/schema/MARC21slim.xsd"
    xmlns="http://www.loc.gov/MARC21/slim">

  <leader>01927    a2200193   4500</leader>
  <controlfield tag="001">54375</controlfield>
  <controlfield tag="005">20260407155816.0</controlfield>
  <controlfield tag="008">260407a1967    arg                 spa d</controlfield>
  <controlfield tag="003">AR-UNSa-BCEJYS</controlfield>
  <datafield tag="040" ind1=" " ind2=" ">
    <subfield code="a">AR-UNSa-BCEJYS</subfield>
    <subfield code="b">spa</subfield>
    <subfield code="c">AR-UNSa-BCEJYS</subfield>
  </datafield>
  <datafield tag="080" ind1=" " ind2=" ">
    <subfield code="a">351</subfield>
    <subfield code="x">Funciones propias de la administraci&#xF3;n p&#xFA;blica 
</subfield>
  </datafield>
  <datafield tag="245" ind1="1" ind2="0">
    <subfield code="a">Principios de ciencia de la hacienda</subfield>
  </datafield>
  <datafield tag="264" ind1=" " ind2="1">
    <subfield code="a">Madrid :</subfield>
    <subfield code="b">Editorial del Derecho Financiero</subfield>
    <subfield code="c">1967</subfield>
  </datafield>
  <datafield tag="300" ind1=" " ind2=" ">
    <subfield code="a">566 p.</subfield>
    <subfield code="c">26 cm.</subfield>
  </datafield>
  <datafield tag="505" ind1=" " ind2=" ">
    <subfield code="a">Primera parte: La actividad financiera - I. Conceptos previos - II. El orden coercitivo,objeto de la Econom&#xED;a financiera - III. La clase dirigente,sujeto del orden coercitivo - IV. El equilibrio de la actividad financiera: concepto y caracteres - V. El coste de la actividad financiera - VI. La utilidad de la actividad financiera - VII. La zona de equilibrio financiero - Segunda parte: Renta nacional y actividad financiera - I. Problemas metodol&#xF3;gicos - II. Actividad financiera y renta nacional - III. La actividad financiera y el nivel de consumos y de ahorro - IV. Actividad financiera y efectos sobre la producci&#xF3;n - V. La actividad financiera y la redistribuci&#xF3;n de las rentas - VI. La hacienda extraordinaria: ejemplo de desequilibrio entre actividad financiera y renta nacional - Tercera parte: Actividad financiera y precios de mercado - I. Conceptos y preliminares - II. Traslaci&#xF3;n del impuesto en r&#xE9;gimen de competencia perfecta - III. Traslaci&#xF3;n del impuesto en r&#xE9;gimen de monopolio - IV. Traslaci&#xF3;n del impuesto en r&#xE9;gimenes intermedios - V. Traslaci&#xF3;n oblicua y regresiva - VI. Impuesto sobre las rentas de trabajo - VII. Impuesto sobre la renta diferencial - VIII. Impuesto sobre las rentas de capital - IX. Impuesto general sobre la renta - X. Impuesto sobre la producci&#xF3;n y sobre los consumos - XI. Efectos del gasto p&#xFA;blico</subfield>
  </datafield>
  <datafield tag="942" ind1=" " ind2=" ">
    <subfield code="c">BK</subfield>
  </datafield>
  <datafield tag="590" ind1=" " ind2=" ">
    <subfield code="a">niveau_biblio:m niveau_hierar:0</subfield>
  </datafield>
  <datafield tag="100" ind1="1" ind2=" ">
    <subfield code="a">Cosciani, Cesare</subfield>
  </datafield>
  <datafield tag="999" ind1=" " ind2=" ">
    <subfield code="c">5535</subfield>
    <subfield code="d">5535</subfield>
  </datafield>
  <datafield tag="952" ind1=" " ind2=" ">
    <subfield code="0">0</subfield>
    <subfield code="1">0</subfield>
    <subfield code="4">0</subfield>
    <subfield code="7">0</subfield>
    <subfield code="a">BCEJYS</subfield>
    <subfield code="b">BCEJYS</subfield>
    <subfield code="c">16</subfield>
    <subfield code="d">2026-04-07</subfield>
    <subfield code="l">0</subfield>
    <subfield code="o">351 C834</subfield>
    <subfield code="p">L23221</subfield>
    <subfield code="r">2026-04-07 15:58:16</subfield>
    <subfield code="w">2026-04-07</subfield>
    <subfield code="y">L</subfield>
  </datafield>
  <datafield tag="952" ind1=" " ind2=" ">
    <subfield code="0">0</subfield>
    <subfield code="1">0</subfield>
    <subfield code="4">0</subfield>
    <subfield code="7">0</subfield>
    <subfield code="a">BCEJYS</subfield>
    <subfield code="b">BCEJYS</subfield>
    <subfield code="c">16</subfield>
    <subfield code="d">2026-04-07</subfield>
    <subfield code="l">0</subfield>
    <subfield code="o">351 C834</subfield>
    <subfield code="p">L28320</subfield>
    <subfield code="r">2026-04-07 15:58:16</subfield>
    <subfield code="w">2026-04-07</subfield>
    <subfield code="y">L</subfield>
  </datafield>
  <datafield tag="952" ind1=" " ind2=" ">
    <subfield code="0">0</subfield>
    <subfield code="1">0</subfield>
    <subfield code="4">0</subfield>
    <subfield code="7">0</subfield>
    <subfield code="a">BCEJYS</subfield>
    <subfield code="b">BCEJYS</subfield>
    <subfield code="c">16</subfield>
    <subfield code="d">2026-04-07</subfield>
    <subfield code="l">0</subfield>
    <subfield code="o">351 C834</subfield>
    <subfield code="p">L23222</subfield>
    <subfield code="r">2026-04-07 15:58:16</subfield>
    <subfield code="w">2026-04-07</subfield>
    <subfield code="y">L</subfield>
  </datafield>
</record>
